000
00252nam a2200109 a 4500
008
101210s1987|||| d
245
1
0
_a
Orchester dobrej nádeje
260
_b
Tatran
_a
Bratislava
_c
1987
020
_c
21
041
_a
slo
044
_a
xo
_c
SK
999
_c
15132
_d
15132